Norwich Airport Destinations - Statistics

General Stats
  • This quiz has been taken 22 times
  • The average score is 9 of 13
Answer Stats
Airline Destination % Correct
KLM Amsterdam
100%
Loganair Aberdeen
76%
Ryanair Malta
76%
Ryanair Alicante
71%
TUI Airways Tenerife
71%
TUI Airways Corfu
65%
Ryanair Faro
65%
TUI Airways Ibiza
65%
TUI Airways Palma de Mallorca
65%
TUI Airways Paphos
59%
TUI Airways Rhodes
59%
TUI Airways Heraklion
53%
TUI Airways Menorca
47%
No matching quizzes found
Score Distribution
Percent of People with Each Score
Percentile by Number Answered
Your Score History
You have not taken this quiz